Cyclisme : Les cyclistes en World Tour 2026 : moyen - Statistiques

Statistiques générales
  • Ce quiz a été pris 175 fois
  • Le résultat moyen est 13 sur 16
Statistiques - réponses
Par images Réponse % Correct
Ben Healy
99%
Kevin Vauquelin
99%
Lenny Martinez
98%
Sepp Kuss
96%
Romain Grégoire
90%
Felix Gall
89%
Jonathan Milan
86%
Fabio Jakobsen
81%
Michael Matthews
79%
Ivan Romeo
76%
Tibor Del Grosso
72%
Jonas Abrahamsen
71%
Maxime Van Gils
69%
Mike Teunissen
60%
Jasper Stuyven
59%
Jay Vine
58%
Aucun quiz correspondant
Distribution des résultats
% des personnes avec chaque résultat
Percentile par nombre de réponses
Votre historique - résultats
Vous n’avez pas pris ce quiz